Statistiques concernant Pays de médailles des Jeux Olympiques d'hiver de 2018, avec une carte

Cliquez ici pour prendre le quiz!

Statistiques générales

  • Ce quiz a été pris 200 fois
  • Le résultat moyen est 193 sur 196

Réponses sur la Carte

Les réponses sont colorées sur une échelle allant du rouge au vert en fonction du pourcentage des utilisateurs qui les ont devinées à leur premier essai. Vous pouvez retrouver ces pourcentages ci-dessous.
 

Statistiques - réponses

country% Correct
Etats-Unis
100%
France
100%
x
100%
Canada
99%
Athlètes olympiques
de Russie
98%
Allemagne
97%
Autriche
97%
Chine
97%
Suisse
97%
Espagne
96%
Italie
96%
Norvège
96%
Suède
96%
Finlande
94%
Pologne
94%
Ukraine
91%
Hongrie
90%
Japon
90%
Tchéquie
89%
Grande-Bretagne
88%
Kazakhstan
86%
Biélorussie
85%
Australie
84%
Belgique
84%
Corée du Sud
84%
Pays-Bas
84%
Slovaquie
84%
Slovénie
82%
Lettonie
75%
Nouvelle-Zélande
73%
Liechtenstein
30%

Distribution des résultats

Percentile par nombre de réponses

% des personnes avec chaque résultat

Votre développement - résultats

Vous n’avez pas pris ce quiz